[Event "Seebach op 23rd"]
[Site "Grossenseebach"]
[Date "2012.06.10"]
[Round "7"]
[White "Borel, Florian"]
[Black "Willner, Tina"]
[Result "1/2-1/2"]
[WhiteElo "1135"]
[BlackElo "1440"]
[PlyCount "86"]
[EventDate "2012.06.07"]
[EventType "swiss"]
[EventRounds "7"]
[EventCountry "GER"]
[SourceTitle "EXT 2013"]
[Source "ChessBase"]
[SourceDate "2012.11.22"]
[SourceVersion "1"]
[SourceVersionDate "2012.11.22"]
[SourceQuality "1"]

1. e4 c5 2. c3 Nf6 3. e5 Nd5 4. d4 e6 5. Nf3 Nc6 6. Bc4 Nb6 7. Bb5 a6 8. Bxc6 bxc6 9. 0-0 cxd4 10. cxd4 Rb8 11. Nc3 a5 12. b3 Ba6 13. Re1 Bb4 14. Bd2 0-0 15. Na4 Nxa4 16. bxa4 Qe7 17. a3 Bxa3 18. Bxa5 Rb2 19. Bc3 Rb7 20. Rb1 Bb4 21. Qd2 Rfb8 22. Bxb4 Rxb4 23. Rxb4 Qxb4 24. Qxb4 Rxb4 25. Ra1 g5 26. h3 h6 27. a5 Kg7 28. g4 f5 29. exf6+ Kxf6 30. Kg2 d6 31. Rc1 Rc4 32. Rxc4 Bxc4 33. Nd2 Ba6 34. Ne4+ Ke7 35. Kg3 Bd3 36. f3 Bc4 37. f4 Bd5 38. Kf3 c5 39. dxc5 dxc5 40. Ke3 gxf4+ 41. Kxf4 c4 42. h4 Kf7 43. a6 Ke7 1/2-1/2

[Event "Seebach op 23rd"]
[Site "Grossenseebach"]
[Date "2012.06.09"]
[Round "5"]
[White "Ebert, Stefan"]
[Black "Willner, Tina"]
[Result "1-0"]
[WhiteElo "1053"]
[BlackElo "1440"]
[PlyCount "68"]
[EventDate "2012.06.07"]
[EventType "swiss"]
[EventRounds "7"]
[EventCountry "GER"]
[SourceTitle "EXT 2013"]
[Source "ChessBase"]
[SourceDate "2012.11.22"]
[SourceVersion "1"]
[SourceVersionDate "2012.11.22"]
[SourceQuality "1"]

1. e4 c5 2. c3 Nf6 3. e5 Nd5 4. d4 cxd4 5. cxd4 Nc6 6. Bc4 Nb6 7. Bb3 e6 8. f4 g6 9. Nf3 d5 10. Nc3 a6 11. a3 Be7 12. g3 Bd7 13. Bd2 Rc8 14. Rc1 Na7 15. Na4 Nc4 16. Bxc4 dxc4 17. Be3 Qa5+ 18. Nc3 Ba4 19. Qxa4+ Qxa4 20. Nxa4 0-0 21. d5 Nb5 22. d6 Bd8 23. Nb6 Rc6 24. Nxc4 f5 25. a4 Nxd6 26. exd6 b5 27. axb5 axb5 28. Nce5 Ba5+ 29. Kf2 Rxd6 30. Bc5 Bb6 31. Bxb6 Rxb6 32. Rc6 Rxc6 33. Nxc6 Kf7 34. Nfe5+ Kf6 1-0

[Event "Seebach op 23rd"]
[Site "Grossenseebach"]
[Date "2012.06.09"]
[Round "6"]
[White "Willner, Tina"]
[Black "Wirt, Benjamin"]
[Result "1-0"]
[WhiteElo "1440"]
[BlackElo "812"]
[PlyCount "29"]
[EventDate "2012.06.07"]
[EventType "swiss"]
[EventRounds "7"]
[EventCountry "GER"]
[SourceTitle "EXT 2013"]
[Source "ChessBase"]
[SourceDate "2012.11.22"]
[SourceVersion "1"]
[SourceVersionDate "2012.11.22"]
[SourceQuality "1"]

1. c4 Nf6 2. Nc3 d5 3. e3 e5 4. cxd5 Nxd5 5. Nf3 Nc6 6. Bc4 Nde7 7. Ng5 Be6 8. Nxe6 fxe6 9. Bxe6 Qd6 10. Nb5 Qd8 11. Qf3 Qd3 12. Nxc7+ Kd8 13. Nxa8 Nb4 14. Bb3 Nxa2 15. Bxa2 1-0